000 00289nam a22001337a 4500
008 181029b xxu||||| |||| 00| 0 eng d
020 _a9780140113419
041 _aeng
080 _a940
100 _a16
101 _aSHH
245 _aThe Second World War
_cKeegan,J
942 _2udc
_cBK
999 _c50975
_d50975